MARC

LEADER 00000nam0a2200000 4500
001 246431
005 20231101232214.0
010 |a 5020020893 
035 |a (RuTPU)RU\TPU\book\267881 
090 |a 246431 
100 |a 20131204d1990 k y0rusy50 ca 
101 0 |a rus 
102 |a RU 
105 |a a z 001zy 
200 1 |a Пластические деформации ультрабазитов офиолитовой ассоциации Урала  |f С. А. Щербаков  |g Академия наук СССР (АН СССР), Геологический институт (ГИН) ; под ред. Г. Н. Савельевой 
210 |a Москва  |c Наука  |d 1990 
215 |a 120 с.  |c ил. 
225 1 |a Труды  |h Вып. 450 
320 |a Библиогр.: с.113-118. 
606 1 |a Ультрабазиты  |2 stltpush  |3 (RuTPU)RU\TPU\subj\62990  |9 80043 
610 1 |a пластические деформации 
610 1 |a Урал 
610 1 |a изучение 
610 1 |a офиолитовые массивы 
610 1 |a офиолитовые комплексы 
675 |a 552.321.5/.6  |v 3 
700 1 |a Щербаков  |b С. А.  |g Сергей Александрович 
702 1 |a Савельева  |b Г. Н.  |4 340 
712 0 2 |a Академия наук СССР (АН СССР)  |b Геологический институт (ГИН)  |c (Москва)  |2 stltpush  |3 (RuTPU)RU\TPU\col\11354 
801 1 |a RU  |b 63413507  |c 20131204 
801 2 |a RU  |b 63413507  |c 20131205  |g RCR 
942 |c BK